000 00780nam a22002537a 4500
001 59070
003 UA-OsUOA
005 20220131214148.0
007 ta
008 20090305b un ||||| |||| 00| 0 ukr d
020 _a966-8571-18-5
040 _aUA-OsUOA
_bukr
_cUA-OsUOA
_dUA-OsUOA
041 _aukr
080 _a81'276,5
090 _a81'276,5
_bК88
100 _aКудрявцева Л.А.
245 _aСловарь молодежного сленга города Киева
260 _aК.
_bООО "ИД " Авнпост- Прим"
_c2006
300 _a198 с.
650 7 _a8 Мовознавство. Художня література. Літературознавство
_2UDC
700 _aПриходько И.Г.
942 _cBK
_2udc
955 _a2
999 _c345147
_d345147